| 000 | 01606nam a2200313 i 4500 | ||
|---|---|---|---|
| 001 | 165430 | ||
| 003 | ES-MaACL | ||
| 005 | 20250820122235.0 | ||
| 008 | 991228s1887 be abf |||| | fre d | ||
| 040 |
_aCCPB | B _bspa _cCCPB | B |
||
| 100 | 1 |
_aSiret, Henri. _9132769 |
|
| 245 | 1 | 4 |
_aLes premiers ages du métal dans le sud-est de l'Espagne _b: résultats des fouilles faites par les auteurs de 1881 à 1887 / _cHenri et Louis Siret ; un volume de texte in 4º avec nombreux dessins, suivi d'une Etude ethnologique par Victor Jacques ; préface de P.J. van Beneden. |
| 260 |
_aAnvers : _b[s.n.], _c1887 ( _eLouvain : _fImprimerie de Charles Peeters) |
||
| 300 |
_a2 v. ; _c34, 52 cm. |
||
| 500 | 1 | _aEn port.: "Ouvrag couronné au Concours Martorell, de Barcelone ... et ayant obtenu une médaille d'or à l'exposition universelle de Toulouse de 1887" | |
| 505 | 8 | _aContiene: I. Texte (X, [2], 437 p., XXVIII h. de grab.) -- II. Album ([1] h. de map., [70] h. de grab.) | |
| 510 | 4 |
_aPalau, _c314787 |
|
| 594 | 1 | _aEn vol. II consta: "Dessins d'après nature par Louis Siret, reproduits en phototypie par W. Otto" | |
| 599 | _aIlustraciones lit. | ||
| 599 | _aLas h. de grab. son fototipias. | ||
| 650 | 4 |
_aEdad del bronce- _zEspaña sudoriental. _9163249 |
|
| 651 | 4 |
_aEspaña sudoriental- _xRestos arqueológicos prehistóricos. _9163250 |
|
| 700 | 1 | 1 |
_aSiret, Louis. _9106676 |
| 700 | 1 |
_aJacques, Victor. _9128250 |
|
| 700 | 1 |
_aVan Beneden, Pierre Joseph, _d1809-1894 _9147524 |
|
| 700 | 1 |
_aOtto, W. _9130745 |
|
| 852 |
_aES-MaACL _jB-7728-7729 _z-- Enc. hol. |
||
| 999 |
_c165430 _d165430 |
||